000 00601cam a2200145 4500500
005 20251228093516.0
041 _afre
042 _adc
100 1 0 _aGuichard, Benjamin
_eauthor
245 0 0 _aDaniel BEER, Renovating Russia, The Human Science and the Fate of Liberal Modernity, 1880-1930, Ithaca — Londres : Cornell University Press, 2008, 229 p.
260 _c2010.
500 _a44
786 0 _nCahiers du monde russe | Vol 50 | 4 | 2010-12-01 | p. 763i-794i | 1252-6576
856 4 1 _uhttps://shs.cairn.info/revue-cahiers-du-monde-russe-2009-4-page-763i?lang=fr&redirect-ssocas=7080
999 _c1604564
_d1604564